Revoluciones de Chile. Discurso histórico, diario imparcial de los sucesos memorables acaecidos en Santiago de Chile desde el 25 de Mayo de 1810 hasta el 20 de Noviembre de 1811. Con un apéndice que contiene la descripción en la casa de Moneda en Septiembre de 1812. Lo publica completo por primera vez, precedido de una biografía del autor escrita sobre documentos inéditos Guillermo Feliú cruz

Saved in:
Bibliografiske detaljer
Main Authors: Matta Vial, Enrique (autor), Talavera, Manuel Antonio (Author)
Andre forfattere: Feliú Cruz, Guillermo (autor)
Format: Bog
Sprog:spansk
Udgivet: Santiago Talleres Gráficos Cóndor, Fontecilla 268 1937
Udgivelse:1a. ed
Serier:Colección de Historiadores y de Documentos relativos a la Independencia de Chile, XXIX
Fag:
Tags: Tilføj Tag
Ingen Tags, Vær først til at tagge denne postø!

MARC

LEADER 00000nam a2200000 a 4500
001 UCJ7917
003 CL-VaPUC
008 070124e19370000CL |||||||||||||||||spa|d
082 0 4 |a 983  |b MAT  |2 21 
100 |a Matta Vial, Enrique  |e autor  |9 516430 
700 |a Feliú Cruz, Guillermo  |e autor  |9 392726 
700 0 |a Talavera, Manuel Antonio  |e author  |9 516427 
245 1 0 |a Revoluciones de Chile. Discurso histórico, diario imparcial de los sucesos memorables acaecidos en Santiago de Chile desde el 25 de Mayo de 1810 hasta el 20 de Noviembre de 1811. Con un apéndice que contiene la descripción en la casa de Moneda en Septiembre de 1812. Lo publica completo por primera vez, precedido de una biografía del autor escrita sobre documentos inéditos Guillermo Feliú cruz 
250 |a 1a. ed 
300 |a cdxvi, 657 p 
942 |c BK 
945 |d 20070124 00:00:00  |a rinostro 
260 |a Santiago  |b Talleres Gráficos Cóndor, Fontecilla 268  |c 1937 
500 |a Front., retrato de Manuel Antonio Talavera.- Advierte errata 
650 7 |a HISTORIA DE CHILE - INDEPENDENCIA  |2 CL-VaPUC  |9 466470 
650 0 |a Fuentes Históricas  |9 265141 
650 7 |a BIOGRAFIA  |2 CL-VaPUC  |9 504622 
650 0 |a Iconografía   |9 267998 
583 |a last modification  |c 20070124 00:00:00  |k Rodrigo Vera 
490 0 |a Colección de Historiadores y de Documentos relativos a la Independencia de Chile, XXIX 
999 |c 323781  |d 323779 
952 |0 0  |1 0  |4 0  |6 983_000000000000000_MAT_1937  |7 0  |8 X  |9 403583  |a FDOBUD  |b FDOBUD  |d 2019-11-22  |i 1019007  |o 983 MAT 1937  |p 1019007  |r 2019-11-22  |w 2019-11-22  |y BK_X  |k BUD